000 00637nam a2200241Ia 4500
003 OSt
005 20220918223739.0
006 a|||||r|||| 00| 0
007 ta
008 220917b |||||||| |||| 00| 0 eng d
024 _a224,962
037 _cTextual
040 _aARTS
_cARTS
_beng
041 _2eng
_aeng
082 _aV2:2.N9, P4
100 _aSingh S.N.
245 0 _aSecond republic
_b The government and politics in India
260 _aLucknow
_bNew Royal Book Co.
_c2004
300 _aii, 154 p.
_ccm.
650 _aHISTORY
942 _hV2:2.N9, P4
_cTEXL
_2CC
999 _c279371
_d279371